La familia de Pascual Duarte
Збережено в:
| Автор: | |
|---|---|
| Формат: | Книга |
| Мова: | Іспанська |
| Опубліковано: |
Barcelona
Destino
1976
|
| Серія: | Ancora y Delfín, 63
|
| Предмети: | |
| Теги: |
Додати тег
Немає тегів, Будьте першим, хто поставить тег для цього запису!
|
MARC
| LEADER | 00000nam a2200000 a 4500 | ||
|---|---|---|---|
| 001 | UCX6842 | ||
| 003 | CL-VaPUC | ||
| 008 | 930825e19760000SP |||||||||||||||||spa|d | ||
| 082 | 0 | 4 | |a 863 |b CEL |2 21 |
| 100 | 0 | |a Cela, Camilo José |e author |9 320105 | |
| 245 | 1 | 3 | |a La familia de Pascual Duarte |
| 300 | |a 186 p | ||
| 942 | |c BK | ||
| 945 | |d 19930825 00:00:00 | ||
| 260 | |a Barcelona |b Destino |c 1976 | ||
| 650 | 0 | |a Novelas españolas |9 265052 | |
| 583 | |a last modification |c 19930825 00:00:00 |k Rodrigo Vera | ||
| 490 | 0 | |a Ancora y Delfín, 63 | |
| 999 | |c 226790 |d 226788 | ||
| 952 | |0 0 |1 0 |4 0 |6 863_000000000000000_CEL_1976 |7 0 |8 R |9 225397 |a BIBEDU |b BIBEDU |c MCIRC |d 2019-11-15 |i 2940949 |o 863 CEL 1976 |p 2940949 |r 2023-01-13 |w 2019-11-15 |y BK_R |k LIT | ||